Statystyki dla Top 5 Największych Miast W Polsce

Kliknij tutaj aby rozwiązać quiz!

Ogólne statystyki

  • Ten quiz został rozwiązany 234 razy
  • Średni wynik to 5 z 5

Statystyki odpowiedzi

MiejsceMiasto% Poprawnych
1.Warszawa
100%
2.Kraków
99%
4.Wrocław
93%
5.Poznań
90%
3.Łódź
84%

Rozkład punktacji

Percentyl według liczby udzielonych odpowiedzi

Procent ludzi z każdym wynikiem

Twoja historia wyników

Nie rozwiązałeś tego quizu